Cities by suburb: South Africa - Statistics

General Stats
  • This quiz has been taken 18 times
  • The average score is 7 of 10
Answer Stats
Hint Answer % Correct
Yeoville, Brixton, Croesus, Trojan, Simba, Lombardy East Johannesburg
100%
Ottery, Philippi, Marconi Beam, Belgravia Cape Town
94%
Umlazi, New Germany, Sea Cow Lake, Kenville Durban
88%
Menlo Park, Laudium, Equestria, Wonderboom Pretoria
88%
Generaal de Wet, Batho, Joe Slovo, Fauna Bloemfontein
82%
Cotswold Mine, Lorraine, Donkinvale, Soweto on Sea Gqeberha/Port Elizabeth
82%
Bonza Bay, Bebelele, Vincent, Nahoon, Pefferville East London
53%
Zondi, Zola, Mmesi Park, Sharpville Soweto
47%
Slangspruit, Whispers, Mysore Ridge Pietermaritzburg
35%
Windsor, Sandringham, Kingsway, Victoria Park Queenstown
6%
No matching quizzes found
Score Distribution
Percent of People with Each Score
Percentile by Number Answered
Your Score History
You have not taken this quiz